[Event "Keres mem (29th) U2000"]
[Site "Vancouver CAN"]
[Date "2004.05.23"]
[Round "3.6"]
[White "Davies, Noam"]
[Black "Raymer, Evan"]
[Result "0-1"]
[WhiteElo "1937"]
[BlackElo "1492"]
[PlyCount "50"]
[GameId "2160767911145726"]
[EventDate "2004.05.22"]
[EventType "swiss"]
[EventRounds "6"]
[EventCountry "CAN"]

1. e4 c5 2. Nf3 d6 3. d4 cxd4 4. Nxd4 Nf6 5. Nc3 a6 6. Be2 e6 7. O-O Be7 8. Be3 O-O 9. f4 Nbd7 10. g4 Nc5 11. Bf3 Qc7 12. f5 Rb8 13. Qd2 b5 14. b4 Nb7 15. g5 Ne8 16. Bg4 d5 17. fxe6 Bxb4 18. Nde2 dxe4 19. exf7+ Rxf7 20. Rxf7 Qxf7 21. Rf1 Qc4 22. Bxc8 Rxc8 23. Qd7 Nbd6 24. Qe7 Nf5 25. Qa7 Nxe3 0-1

[Event "Keres mem (29th) U2000"]
[Site "Vancouver CAN"]
[Date "2004.05.23"]
[Round "4.2"]
[White "Lee, Vicente jr."]
[Black "Levin, Chris"]
[Result "1-0"]
[WhiteElo "2336"]
[BlackElo "1870"]
[PlyCount "61"]
[GameId "2160767911145727"]
[EventDate "2004.05.22"]
[EventType "swiss"]
[EventRounds "6"]
[EventCountry "CAN"]

1. e4 c5 2. Nf3 d6 3. c3 Nf6 4. Bd3 Nc6 5. O-O g6 6. Re1 Bg7 7. h3 O-O 8. Bc2 e5 9. d4 Qc7 10. Be3 Rd8 11. d5 Ne7 12. Qd2 b5 13. Bh6 a5 14. Qe3 a4 15. Nbd2 Bd7 16. Rac1 Nc8 17. Nh2 Nb6 18. Bxg7 Kxg7 19. f4 Re8 20. Rf1 Nbxd5 21. exd5 Nxd5 22. Qg3 Nxf4 23. Rxf4 exf4 24. Qxf4 Qb6 25. Rf1 Be6 26. Ng4 f5 27. Qh6+ Kh8 28. Nf6 Re7 29. Nf3 Qd8 30. Nh4 Rg7 31. Nxg6+ 1-0

[Event "Keres mem (29th) U2000"]
[Site "Vancouver CAN"]
[Date "2004.05.24"]
[Round "5.1"]
[White "Lister, Curtis"]
[Black "Lee, Vicente jr."]
[Result "0-1"]
[WhiteElo "1872"]
[BlackElo "2336"]
[PlyCount "120"]
[GameId "2160767911145728"]
[EventDate "2004.05.22"]
[EventType "swiss"]
[EventRounds "6"]
[EventCountry "CAN"]

1. e4 c5 2. Nf3 d6 3. Nc3 a6 4. d4 cxd4 5. Nxd4 Nf6 6. Bg5 e6 7. Bc4 Qc7 8. Bb3 Nbd7 9. Qf3 Rb8 10. Rd1 b5 11. O-O Ne5 12. Qe2 Nc4 13. Bc1 Na5 14. Bg5 Nxb3 15. axb3 Be7 16. f4 b4 17. Na4 O-O 18. f5 e5 19. Nf3 Bb7 20. Bxf6 Bxf6 21. g4 Be7 22. g5 f6 23. g6 h6 24. Ne1 Rfd8 25. c4 bxc3 26. Nxc3 Qb6+ 27. Kg2 Qxb3 28. Rf3 Bf8 29. Nd5 Qb5 30. Qxb5 axb5 31. Rc3 Rbc8 32. Nc2 Rc5 33. Ncb4 Ra8 34. Kf2 Rxc3 35. bxc3 Ra7 36. Rb1 Ba8 37. Ke3 Be7 38. Nxe7+ Rxe7 39. Rd1 Rd7 40. Nd5 Bc6 41. Nb4 Bb7 42. Ra1 Rc7 43. Kd3 Rc4 44. Nd5 Ra4 45. Rxa4 bxa4 46. c4 Kf8 47. Kc3 Ba6 48. Kb4 a3 49. Nc3 Ke7 50. Nd5+ Ke8 51. Nc3 Kd7 52. Kb3 Kc6 53. Kb4 h5 54. h4 Kb6 55. Kxa3 Kc5 56. Ne2 Bxc4 57. Ng3 Kd4 58. Nxh5 Kxe4 59. Nxg7 Kf4 60. h5 Kg5 0-1

[Event "Keres mem (29th) U2000"]
[Site "Vancouver CAN"]
[Date "2004.05.24"]
[Round "5.4"]
[White "Daswani, Benedict"]
[Black "Leblanc, Paul"]
[Result "0-1"]
[WhiteElo "1890"]
[BlackElo "1862"]
[PlyCount "30"]
[GameId "2160767911145729"]
[EventDate "2004.05.22"]
[EventType "swiss"]
[EventRounds "6"]
[EventCountry "CAN"]

1. d4 d5 2. c4 c6 3. Nf3 Nf6 4. Nc3 a6 5. a4 Bf5 6. Bg5 e6 7. Nh4 Bg4 8. h3 Bh5 9. g4 Bg6 10. Nxg6 hxg6 11. Bg2 Nbd7 12. O-O Qc7 13. Rc1 Nxg4 14. Re1 Rxh3 15. e3 Rh1+ 0-1

[Event "Keres mem (29th) U2000"]
[Site "Vancouver CAN"]
[Date "2004.05.24"]
[Round "6.1"]
[White "Lee, Vicente jr."]
[Black "Verma, Tony"]
[Result "1-0"]
[WhiteElo "2336"]
[BlackElo "1864"]
[PlyCount "62"]
[GameId "2160767911145730"]
[EventDate "2004.05.22"]
[EventType "swiss"]
[EventRounds "6"]
[EventCountry "CAN"]

1. d4 d5 2. c4 c6 3. Nc3 Nf6 4. Nf3 Nbd7 5. cxd5 Nxd5 6. e4 Nxc3 7. bxc3 e6 8. Bd3 Be7 9. O-O O-O 10. Qe2 c5 11. e5 cxd4 12. cxd4 Nb6 13. Qe4 g6 14. Bh6 f5 15. exf6 Rxf6 16. Ne5 Qe8 17. Rab1 Nd5 18. Rb3 a6 19. Bb1 Rb8 20. Rg3 Rf5 21. Qe2 Bh4 22. Bxf5 Bxg3 23. Bxg6 Bxh2+ 24. Kxh2 hxg6 25. Qg4 Kh7 26. Bg5 Kg7 27. Rh1 Nf6 28. Qh4 Ng8 29. Kg1 Kf8 30. Qf4+ Kg7 31. Bf6+ Kf8 1-0

[Event "Kingston CC ch"]
[Site "Kingston CAN"]
[Date "2004.01.15"]
[Round "2"]
[White "Hutchison, Robert"]
[Black "Dixon, Frank"]
[Result "0-1"]
[WhiteElo "1775"]
[BlackElo "1940"]
[PlyCount "92"]
[GameId "2160767911208923"]
[EventDate "2004.01.08"]
[EventType "tourn"]
[EventRounds "5"]
[EventCountry "CAN"]

1. Nf3 d5 2. c4 c6 3. g3 Nf6 4. b3 Bf5 5. Bb2 h6 6. Bg2 e6 7. O-O Nbd7 8. d3 Bd6 9. Nbd2 O-O 10. e4 dxe4 11. dxe4 Bg4 12. h3 Bxf3 13. Nxf3 Qc7 14. Qe2 Bc5 15. e5 Nh7 16. Nd2 Rae8 17. Ne4 Be7 18. f4 f5 19. Nc3 Kh8 20. Kh2 Rg8 21. Rab1 a5 22. a3 g6 23. Bc1 Rg7 24. b4 axb4 25. axb4 Reg8 26. Be3 g5 27. Rg1 gxf4 28. gxf4 Nxe5 29. Bd4 Ng4+ 30. hxg4 Qxf4+ 31. Kh1 Qxd4 32. Nd1 Rxg4 33. Nf2 Rh4+ 34. Bh3 Rxg1+ 35. Rxg1 Ng5 36. Rg3 Bd6 37. Rd3 Qf4 38. Rxd6 Qxd6 39. Qb2+ Kh7 40. Qf6 Qd7 41. Kg2 Nxh3 42. Qxh4 Nxf2 43. Qxf2 e5 44. b5 f4 45. Qc2+ Kg7 46. b6 Qg4+ 0-1

[Event "Kingston CC ch"]
[Site "Kingston CAN"]
[Date "2004.01.29"]
[Round "4"]
[White "Dixon, Frank"]
[Black "Panjwani, Dilip"]
[Result "1-0"]
[WhiteElo "1940"]
[BlackElo "1783"]
[PlyCount "75"]
[GameId "2160767911208924"]
[EventDate "2004.01.08"]
[EventType "tourn"]
[EventRounds "5"]
[EventCountry "CAN"]

1. Nf3 d5 2. g3 c5 3. Bg2 Nc6 4. d3 Bg4 5. Nbd2 e6 6. c3 Bd6 7. Qc2 Qc7 8. e4 f5 9. exd5 exd5 10. O-O Nge7 11. Re1 O-O 12. Ng5 f4 13. Nf1 h6 14. Ne6 Bxe6 15. Rxe6 d4 16. Bd2 Nf5 17. Rae1 Nd8 18. R6e4 fxg3 19. hxg3 Qf7 20. c4 g5 21. Qd1 Nc6 22. Rg4 Nfe7 23. f4 Kh8 24. Qe2 gxf4 25. Bxf4 Bxf4 26. Rxf4 Qg7 27. Rg4 Qf6 28. Nh2 Rg8 29. Rf4 Qd6 30. Qf2 Qg6 31. Rf6 Qg7 32. Ree6 Rgf8 33. Rxh6+ Kg8 34. Rhf6 Rxf6 35. Rxf6 Rf8 36. Rxf8+ Qxf8 37. Qe2 b6 38. Bxc6 1-0

[Event "Kingston CC ch playoff"]
[Site "Kingston CAN"]
[Date "2004.05.10"]
[Round "1"]
[White "Dixon, Frank"]
[Black "Profit, Brian"]
[Result "1-0"]
[WhiteElo "1964"]
[BlackElo "2004"]
[PlyCount "75"]
[GameId "2160767911158223"]
[EventDate "2004.05.10"]
[EventType "match"]
[EventRounds "2"]
[EventCountry "CAN"]

1. e4 e6 2. d4 d5 3. Nc3 Bb4 4. a3 Bxc3+ 5. bxc3 dxe4 6. f3 Nd7 7. Be3 Ngf6 8. Bc4 b6 9. Qe2 Bb7 10. Bg5 h6 11. Bh4 Qe7 12. fxe4 Bxe4 13. Nf3 Bh7 14. O-O c6 15. a4 O-O 16. Rae1 Qa3 17. Bb3 Ne4 18. Qe3 Qb2 19. c4 e5 20. Rb1 Qc3 21. Qxc3 Nxc3 22. Rbe1 exd4 23. Nxd4 c5 24. Nf5 Bxf5 25. Rxf5 g5 26. Bxg5 Rfe8 27. Rxe8+ Rxe8 28. Bxh6 Kh7 29. Rxf7+ Kxh6 30. Rxd7 Ne2+ 31. Kf2 Nd4 32. Rxa7 Rf8+ 33. Ke3 Re8+ 34. Kd3 Rg8 35. Ra6 Rxg2 36. Rxb6+ Kg5 37. a5 Rxh2 38. a6 1-0

[Event "Kingston CC ch playoff"]
[Site "Kingston CAN"]
[Date "2004.05.10"]
[Round "2"]
[White "Profit, Brian"]
[Black "Dixon, Frank"]
[Result "1/2-1/2"]
[WhiteElo "2004"]
[BlackElo "1964"]
[PlyCount "64"]
[GameId "2160767911158224"]
[EventDate "2004.05.10"]
[EventType "match"]
[EventRounds "2"]
[EventCountry "CAN"]

1. d4 e6 2. e4 c5 3. Nf3 cxd4 4. Nxd4 Nc6 5. Nc3 Qc7 6. Nxc6 bxc6 7. Bd3 Nf6 8. O-O Be7 9. Re1 e5 10. Bc4 O-O 11. Qe2 d6 12. Rd1 a5 13. Bg5 Bg4 14. f3 Bh5 15. Bb3 Rad8 16. Be3 Bg6 17. Qf2 Rb8 18. Na4 Nd7 19. c4 Kh8 20. c5 dxc5 21. Nxc5 Nxc5 22. Bxc5 f5 23. exf5 Bxf5 24. Rac1 e4 25. Bxe7 Qxe7 26. Rxc6 exf3 27. gxf3 Be4 28. Rc3 Qf6 29. Rf1 Ba8 30. Bd1 Rb5 31. f4 Rb4 32. a3 Rd4 1/2-1/2

[Event "Labour Day op"]
[Site "Victoria CAN"]
[Date "2004.09.04"]
[Round "1.1"]
[White "Scoones, Dan"]
[Black "Verma, Tony"]
[Result "1-0"]
[WhiteElo "2291"]
[BlackElo "1802"]
[PlyCount "61"]
[GameId "2160767911069536"]
[EventDate "2004.09.04"]
[EventType "swiss"]
[EventRounds "6"]
[EventCountry "CAN"]

1. Nf3 d5 2. c4 Nf6 3. cxd5 Nxd5 4. d4 e6 5. e4 Nf6 6. Nc3 Be7 7. Bd3 O-O 8. O-O Nc6 9. e5 Nd5 10. a3 a6 11. Qc2 h6 12. Rd1 b5 13. Nxd5 Qxd5 14. Be4 Qd8 15. Bxc6 Rb8 16. d5 Bb7 17. Bxb7 Rxb7 18. dxe6 Qc8 19. Rd7 Re8 20. exf7+ Kxf7 21. Qf5+ Kg8 22. Nd4 c5 23. Qe6+ Kh8 24. Rxb7 Qxb7 25. Nf5 Rd8 26. Bxh6 Bf8 27. Nd6 Bxd6 28. exd6 Qb6 29. Bf4 Rf8 30. Be5 Qa7 31. d7 1-0

[Event "Labour Day op"]
[Site "Victoria CAN"]
[Date "2004.09.04"]
[Round "1.3"]
[White "Wright, Stephen"]
[Black "Fletcher, Christopher"]
[Result "1-0"]
[WhiteElo "2127"]
[BlackElo "1588"]
[PlyCount "65"]
[GameId "2160767911069537"]
[EventDate "2004.09.04"]
[EventType "swiss"]
[EventRounds "6"]
[EventCountry "CAN"]

1. Nf3 e6 2. g3 b6 3. Bg2 Bb7 4. c4 c5 5. O-O Nf6 6. Nc3 Be7 7. d4 cxd4 8. Qxd4 d6 9. Bg5 a6 10. Rfd1 Nbd7 11. e4 h6 12. Bc1 Nc5 13. e5 Nfe4 14. Nxe4 Nxe4 15. Be3 d5 16. Qxb6 Qxb6 17. Bxb6 Bc5 18. Bxc5 Nxc5 19. Nd2 O-O 20. b4 Nd7 21. f4 Ra7 22. cxd5 Bxd5 23. Bxd5 exd5 24. Kf2 Nb6 25. Rac1 Raa8 26. Rc6 Rab8 27. Nb3 Rfc8 28. Rc5 Na4 29. Rxc8+ Rxc8 30. Rxd5 Nc3 31. Ra5 Rc6 32. Nc5 Rb6 33. Nxa6 1-0

[Event "Labour Day op"]
[Site "Victoria CAN"]
[Date "2004.09.04"]
[Round "1.5"]
[White "Hunt, Lorne"]
[Black "Churchill, Sam"]
[Result "0-1"]
[WhiteElo "2023"]
[BlackElo "1621"]
[PlyCount "94"]
[GameId "2160767911069538"]
[EventDate "2004.09.04"]
[EventType "swiss"]
[EventRounds "6"]
[EventCountry "CAN"]

1. e4 Nf6 2. e5 Nd5 3. d4 d6 4. c4 Nb6 5. exd6 cxd6 6. Nc3 g6 7. Be3 Bg7 8. Nf3 Nc6 9. h3 O-O 10. Rc1 Bf5 11. g4 Bc8 12. Be2 Nd7 13. O-O b6 14. d5 Nce5 15. Nd4 Nc5 16. f4 Ned7 17. b4 Na6 18. Nc6 Qe8 19. Bd4 Bxd4+ 20. Qxd4 Bb7 21. b5 Nac5 22. Rce1 e5 23. fxe5 Nxe5 24. Ne4 Nxe4 25. Qxe4 f5 26. gxf5 gxf5 27. Qg2+ Kh8 28. Kh1 Rg8 29. Qh2 a6 30. Rxf5 Nxc4 31. Ref1 Ne3 32. Qxd6 Nxf5 33. Qf6+ Ng7 34. Ne5 Bxd5+ 35. Bf3 Rf8 36. Qg5 Bxf3+ 37. Rxf3 Rxf3 38. Nxf3 Qxb5 39. Ne5 Rf8 40. Nf7+ Rxf7 41. Qd8+ Qe8 42. Qd4 Rf1+ 43. Kg2 Qe2+ 44. Kg3 Qf3+ 45. Kh4 Qh5+ 46. Kg3 Rf3+ 47. Kg2 Qxh3+ 0-1

[Event "Labour Day op"]
[Site "Victoria CAN"]
[Date "2004.09.04"]
[Round "1.8"]
[White "Smith, Catherine"]
[Black "Aquino, Manfrei"]
[Result "0-1"]
[WhiteElo "1762"]
[BlackElo "1886"]
[PlyCount "80"]
[GameId "2160767911069539"]
[EventDate "2004.09.04"]
[EventType "swiss"]
[EventRounds "6"]
[EventCountry "CAN"]

1. e4 e5 2. Nf3 Nc6 3. Bc4 Bc5 4. d3 Nf6 5. h3 h6 6. Nc3 O-O 7. Be3 Bxe3 8. fxe3 d6 9. Qd2 Na5 10. Bb3 Nxb3 11. cxb3 Be6 12. g4 Nh7 13. O-O-O c6 14. Rdg1 b5 15. h4 g6 16. g5 h5 17. Rh2 a5 18. d4 Qb8 19. d5 b4 20. Na4 cxd5 21. exd5 Rc8+ 22. Kb1 Bf5+ 23. Ka1 Rc2 24. Qd1 Rxh2 25. Nxh2 Qa7 26. Qd2 Rc8 27. Rc1 Rxc1+ 28. Qxc1 Be4 29. Nf1 Bxd5 30. Qd2 Qa6 31. Ng3 Qc6 32. Kb1 Be4+ 33. Nxe4 Qxe4+ 34. Kc1 Qxh4 35. Qxd6 Qe1+ 36. Kc2 Qxe3 37. Qd8+ Kg7 38. Nb6 Nxg5 39. Nd7 Ne6 40. Qf6+ Kh6 0-1

[Event "Labour Day op"]
[Site "Victoria CAN"]
[Date "2004.09.04"]
[Round "1.9"]
[White "Leblanc, Paul"]
[Black "Raymer, Elliot"]
[Result "1-0"]
[WhiteElo "1884"]
[BlackElo "1531"]
[PlyCount "75"]
[GameId "2160767911069540"]
[EventDate "2004.09.04"]
[EventType "swiss"]
[EventRounds "6"]
[EventCountry "CAN"]

1. d4 Nf6 2. g3 d6 3. Bg2 g6 4. Nf3 Bg7 5. O-O O-O 6. c4 c6 7. Nc3 Nbd7 8. e4 c5 9. d5 Nb6 10. Qd3 Bd7 11. a4 a5 12. Nb5 Qc8 13. Bd2 Bh3 14. Bc3 Bxg2 15. Kxg2 Qg4 16. Rfe1 Nh5 17. Bd2 Rfd8 18. Ra2 Nf6 19. b3 Qd7 20. Bc3 Nc8 21. Rae2 Re8 22. Qd2 Na7 23. Nxa7 Rxa7 24. Bxa5 Rea8 25. Bc3 Qc7 26. e5 dxe5 27. Bxe5 Qb6 28. Qc3 h6 29. Qc2 Kh7 30. Bc3 Qd6 31. Rxe7 b5 32. Rxa7 Rxa7 33. axb5 Ra3 34. Qb2 Ra7 35. Be5 Qd8 36. b4 Ra4 37. bxc5 Rxc4 38. b6 1-0

[Event "Labour Day op"]
[Site "Victoria CAN"]
[Date "2004.09.04"]
[Round "2.1"]
[White "Lister, Curtis"]
[Black "Scoones, Dan"]
[Result "0-1"]
[WhiteElo "1968"]
[BlackElo "2291"]
[PlyCount "67"]
[GameId "2160767911069541"]
[EventDate "2004.09.04"]
[EventType "swiss"]
[EventRounds "6"]
[EventCountry "CAN"]

1. e4 g6 2. d4 d6 3. Nc3 c6 4. Be3 Bg7 5. Bc4 Nf6 6. f3 d5 7. Bd3 dxe4 8. Bxe4 Nbd7 9. Nge2 Nb6 10. O-O O-O 11. Bd3 Nfd5 12. Nxd5 Nxd5 13. Bc1 e5 14. c3 exd4 15. Nxd4 Nxc3 16. bxc3 Bxd4+ 17. cxd4 Qxd4+ 18. Kh1 Qxa1 19. Qc2 Be6 20. Bb2 Qxa2 21. Qc3 f6 22. Re1 Bd5 23. h4 Qb3 24. Qd4 Qb6 25. Qc3 Qf2 26. Re2 Qxh4+ 27. Kg1 Rae8 28. Rxe8 Rxe8 29. Bf1 Re6 30. Qa5 b6 31. Qxa7 Qb4 32. Qb8+ Kf7 33. Ba1 Qc5+ 34. Kh2 0-1

[Event "Labour Day op"]
[Site "Victoria CAN"]
[Date "2004.09.04"]
[Round "2.3"]
[White "Aquino, Manfrei"]
[Black "Wright, Stephen"]
[Result "1/2-1/2"]
[WhiteElo "1886"]
[BlackElo "2127"]
[PlyCount "26"]
[GameId "2160767911069542"]
[EventDate "2004.09.04"]
[EventType "swiss"]
[EventRounds "6"]
[EventCountry "CAN"]

1. d4 d5 2. c4 c6 3. Nc3 Nf6 4. Nf3 dxc4 5. a4 Bf5 6. e3 e6 7. Bxc4 Bb4 8. O-O Nbd7 9. Qb3 a5 10. Na2 Be7 11. Qxb7 Rb8 12. Qa6 Ra8 13. Qb7 Rb8 1/2-1/2

[Event "Labour Day op"]
[Site "Victoria CAN"]
[Date "2004.09.04"]
[Round "2.6"]
[White "Jiang, Louie"]
[Black "Hunt, Lorne"]
[Result "1-0"]
[WhiteElo "1709"]
[BlackElo "2023"]
[PlyCount "107"]
[GameId "2160767911069543"]
[EventDate "2004.09.04"]
[EventType "swiss"]
[EventRounds "6"]
[EventCountry "CAN"]

1. e4 d6 2. d4 Nf6 3. Nc3 g6 4. Be3 Bg7 5. Be2 O-O 6. Nf3 Bg4 7. O-O Nbd7 8. h3 Bxf3 9. Bxf3 e5 10. d5 h6 11. Qd2 Kh7 12. Nd1 Nc5 13. Bxc5 dxc5 14. c4 Ne8 15. Qe3 b6 16. Nc3 Nd6 17. b3 f5 18. Rad1 fxe4 19. Nxe4 Nf5 20. Qd3 Kg8 21. Nd2 Qd7 22. Be4 g5 23. Nf3 Nd6 24. Rfe1 Rf4 25. Rd2 Raf8 26. Rde2 Nxe4 27. Rxe4 Qf5 28. R1e3 Rxe4 29. Rxe4 h5 30. Qe3 g4 31. hxg4 hxg4 32. Nh4 Qh5 33. g3 Bf6 34. Qe2 Kf7 35. Qxg4 Qxg4 36. Rxg4 Bxh4 37. gxh4 Kf6 38. Kg2 Kf5 39. Rg7 Ke4 40. Rxc7 Rg8+ 41. Kf1 Kd3 42. d6 Rd8 43. d7 a5 44. h5 e4 45. h6 Kc2 46. h7 Kb1 47. Rc8 Rxd7 48. h8=Q Rd1+ 49. Kg2 Rd2 50. Qc3 Rxa2 51. Rd8 Rb2 52. Rd1+ Ka2 53. Kg3 Rxb3 54. Ra1# 1-0

[Event "Labour Day op"]
[Site "Victoria CAN"]
[Date "2004.09.04"]
[Round "2.7"]
[White "Verma, Tony"]
[Black "Campbell, Jamie"]
[Result "1-0"]
[WhiteElo "1802"]
[BlackElo "1574"]
[PlyCount "29"]
[GameId "2160767911069544"]
[EventDate "2004.09.04"]
[EventType "swiss"]
[EventRounds "6"]
[EventCountry "CAN"]

1. e4 e5 2. Nf3 f5 3. Nxe5 Qf6 4. d4 d6 5. Nc4 fxe4 6. Nc3 Bf5 7. Nd5 Qf7 8. Nde3 c6 9. Nxf5 Qxf5 10. Ne3 Qa5+ 11. c3 Nf6 12. Nc4 Qc7 13. Bf4 h6 14. Qb3 Nbd7 15. Nxd6+ 1-0

[Event "Labour Day op"]
[Site "Victoria CAN"]
[Date "2004.09.04"]
[Round "2.9"]
[White "Raymer, Elliot"]
[Black "Jones, Cliff"]
[Result "0-1"]
[WhiteElo "1531"]
[BlackElo "1680"]
[PlyCount "218"]
[GameId "2160767911069545"]
[EventDate "2004.09.04"]
[EventType "swiss"]
[EventRounds "6"]
[EventCountry "CAN"]

1. e4 c6 2. d4 d5 3. exd5 Qxd5 4. c4 Qd8 5. Nc3 Nf6 6. Nf3 Bf5 7. Bf4 e6 8. Nh4 Bg6 9. Nxg6 hxg6 10. Be2 Bd6 11. Bxd6 Qxd6 12. Qb3 Qc7 13. O-O-O Nbd7 14. Bf3 O-O-O 15. g3 Nb6 16. Kb1 Kb8 17. h4 Rd7 18. g4 Rhd8 19. g5 Nh5 20. d5 exd5 21. cxd5 Nxd5 22. Nxd5 cxd5 23. Bxd5 a6 24. Bf3 Nf4 25. Rxd7 Rxd7 26. Rc1 Qd8 27. Qe3 Ne6 28. Qe5+ Ka8 29. Bg4 Re7 30. Bxe6 Rxe6 31. Qxg7 Qd3+ 32. Ka1 Qd2 33. Qc3 Qxf2 34. Qh8+ Ka7 35. a3 Rd6 36. Rc8 Qd4 37. Qxd4+ Rxd4 38. Rc7 Rxh4 39. Rxf7 Rg4 40. Rg7 Rxg5 41. Ka2 Kb6 42. b4 Rg3 43. a4 g5 44. a5+ Ka7 45. Kb2 g4 46. Kc2 Rg1 47. Kd3 g3 48. Ke2 Kb8 49. Kf3 Rb1 50. Rg8+ Kc7 51. Kg2 Rb3 52. Rg6 Rxb4 53. Rxg3 Kc6 54. Kf2 Kb5 55. Ra3 Kc4 56. Ke2 Rb5 57. Kd2 Kb4 58. Ra1 Kc4 59. Ke3 Rd5 60. Rb1 Rd7 61. Rb6 Kc3 62. Ke4 Rd4+ 63. Ke3 Ra4 64. Rxb7 Rxa5 65. Ra7 Ra1 66. Ra8 Re1+ 67. Kf2 Re6 68. Kf3 Kb4 69. Kf4 a5 70. Rb8+ Ka3 71. Kf3 a4 72. Kf4 Ka2 73. Kf3 a3 74. Kf2 Ka1 75. Kf1 a2 76. Kf2 Rc6 77. Ke1 Rc1+ 78. Kd2 Rb1 79. Ra8 Kb2 80. Rb8+ Ka3 81. Ra8+ Kb3 82. Rb8+ Kc4 83. Rc8+ Kb5 84. Kc2 Rc1+ 85. Kxc1 a1=Q+ 86. Kd2 Qd4+ 87. Kc1 Kb4 88. Rb8+ Kc3 89. Rc8+ Kd3 90. Ra8 Qg1+ 91. Kb2 Qf2+ 92. Kb3 Qb6+ 93. Ka3 Kc2 94. Rc8+ Kb1 95. Rc3 Qb2+ 96. Ka4 Qxc3 97. Kb5 Qc7 98. Kb4 Qc6 99. Kb3 Qc5 100. Ka4 Qc6+ 101. Kb4 Kb2 102. Ka5 Qc4 103. Kb6 Kb3 104. Kb7 Kb4 105. Kb6 Qc5+ 106. Kb7 Kb5 107. Ka8 Qe7 108. Kb8 Kb6 109. Kc8 Qc7# 0-1

[Event "Labour Day op"]
[Site "Victoria CAN"]
[Date "2004.09.05"]
[Round "3.1"]
[White "Scoones, Dan"]
[Black "Moore, Harry"]
[Result "1/2-1/2"]
[WhiteElo "2291"]
[BlackElo "2288"]
[PlyCount "26"]
[GameId "2160767911069546"]
[EventDate "2004.09.04"]
[EventType "swiss"]
[EventRounds "6"]
[EventCountry "CAN"]

1. Nf3 Nf6 2. c4 e6 3. Nc3 d5 4. d4 Bb4 5. cxd5 exd5 6. Bg5 h6 7. Bxf6 Qxf6 8. Qb3 Nc6 9. Qxd5 Be6 10. Qb5 O-O-O 11. e3 Bd7 12. Qc4 Be6 13. Qb5 Bd7 1/2-1/2

[Event "Labour Day op"]
[Site "Victoria CAN"]
[Date "2004.09.05"]
[Round "3.2"]
[White "Churchill, Greg"]
[Black "Wright, Stephen"]
[Result "1/2-1/2"]
[WhiteElo "1877"]
[BlackElo "2127"]
[PlyCount "157"]
[GameId "2160767911069547"]
[EventDate "2004.09.04"]
[EventType "swiss"]
[EventRounds "6"]
[EventCountry "CAN"]

1. e4 Nf6 2. Nc3 d5 3. exd5 Nxd5 4. Bc4 c6 5. Qf3 Nf6 6. Ne4 Nbd7 7. d4 Nb6 8. Nxf6+ gxf6 9. Qb3 Nxc4 10. Qxc4 Rg8 11. Bf4 Qa5+ 12. c3 Be6 13. Qd3 O-O-O 14. Nf3 Qh5 15. O-O-O Rxg2 16. Qe3 Bd5 17. Nd2 Rg4 18. Rhg1 Rxg1 19. Rxg1 Bxa2 20. Rg8 e6 21. Kc2 Qf5+ 22. Kc1 Qd5 23. f3 Bc4 24. Ne4 Be7 25. Qg1 e5 26. Qg4+ Qe6 27. Qxe6+ Bxe6 28. Rxd8+ Bxd8 29. dxe5 fxe5 30. Bxe5 Bd5 31. Nd6+ Kd7 32. Nxb7 Be7 33. f4 Ke6 34. Kc2 c5 35. Na5 f6 36. Bb8 a6 37. Nb3 Be4+ 38. Kd2 Kd5 39. Ke3 Bc2 40. Nd2 c4 41. Ba7 a5 42. Nf3 a4 43. Bd4 Bb3 44. Nd2 Bd8 45. Ne4 Ke6 46. Ng3 Bc2 47. Ba7 Kd5 48. Bd4 Be7 49. Nh5 Ke6 50. Ng3 a3 51. bxa3 Bxa3 52. Nh5 Bc1+ 53. Ke2 f5 54. Be5 Kf7 55. Ng3 Kg6 56. Bb8 Be4 57. Bd6 Bg2 58. Be5 Bh3 59. Kf2 h5 60. Ne2 Bd2 61. Ng1 Bg4 62. Nf3 Bxf3 63. Kxf3 Kf7 64. Kg3 Be1+ 65. Kh3 Ke6 66. Kg2 Kd5 67. Kf3 Kc5 68. Ke2 Bh4 69. Ke3 Kb5 70. Kd4 Bf2+ 71. Kd5 Bg1 72. h3 Be3 73. Ke6 Kc5 74. Kxf5 Kd5 75. Kg5 Ke4 76. Kxh5 Bxf4 77. Bxf4 Kxf4 78. h4 Kf5 79. Kh6 1/2-1/2

[Event "Labour Day op"]
[Site "Victoria CAN"]
[Date "2004.09.05"]
[Round "3.5"]
[White "Martinovsky, Ian"]
[Black "Verma, Tony"]
[Result "1-0"]
[WhiteElo "2207"]
[BlackElo "1802"]
[PlyCount "117"]
[GameId "2160767911069548"]
[EventDate "2004.09.04"]
[EventType "swiss"]
[EventRounds "6"]
[EventCountry "CAN"]

1. Nf3 g6 2. c4 d6 3. Nc3 Bg7 4. d4 Nc6 5. g3 Nf6 6. d5 Nb8 7. Bg2 e6 8. Qa4+ Qd7 9. dxe6 fxe6 10. Qxd7+ Nbxd7 11. Nb5 Kd8 12. Ng5 Ne5 13. f4 Nxc4 14. Nf7+ Kd7 15. Nxh8 Bxh8 16. Nc3 Ng4 17. Nd1 Bd4 18. Bf3 Nf6 19. Rb1 d5 20. b3 Nd6 21. Bb2 Bxb2 22. Nxb2 b6 23. Nd3 Bb7 24. Rc1 c5 25. O-O Nf5 26. Rfe1 Nd4 27. Ne5+ Ke7 28. b4 Nxf3+ 29. Nxf3 c4 30. e3 b5 31. Nd4 a6 32. a3 Kd6 33. Nf3 Bc6 34. Ne5 Be8 35. g4 a5 36. Ra1 axb4 37. axb4 Ra4 38. h4 Rxb4 39. g5 Ne4 40. Ra6+ Ke7 41. Ra7+ Kf8 42. Rxh7 Ra4 43. f5 exf5 44. Rd1 Nc3 45. Rf1 Ra2 46. Rb7 Re2 47. Ng4 Ne4 48. h5 Nxg5 49. h6 d4 50. Rc7 Bf7 51. Nf6 Rxe3 52. Ra1 d3 53. Ra8+ Be8 54. h7 Re1+ 55. Kf2 Re2+ 56. Kf1 Nxh7 57. Nxh7+ Kg8 58. Nf6+ Kf8 59. Raa7 1-0

[Event "Labour Day op"]
[Site "Victoria CAN"]
[Date "2004.09.05"]
[Round "3.10"]
[White "Campbell, Jamie"]
[Black "Fletcher, Christopher"]
[Result "0-1"]
[WhiteElo "1574"]
[BlackElo "1588"]
[PlyCount "60"]
[GameId "2160767911069549"]
[EventDate "2004.09.04"]
[EventType "swiss"]
[EventRounds "6"]
[EventCountry "CAN"]

1. b3 Nf6 2. Bb2 b6 3. d3 e6 4. e4 d6 5. g3 Bb7 6. Bg2 g6 7. f4 Bg7 8. Nf3 O-O 9. h3 Nbd7 10. g4 e5 11. fxe5 dxe5 12. Nxe5 Ne8 13. Nxd7 Bxb2 14. Nxf8 Bxa1 15. Nxh7 Qh4+ 16. Kd2 Be5 17. Qf3 Qxh7 18. h4 Nd6 19. g5 Qh5 20. Qxh5 gxh5 21. Bf3 Nf5 22. Bxh5 Ng3 23. Bxf7+ Kxf7 24. Rg1 Rd8 25. Nc3 Nxe4+ 26. Nxe4 Bxe4 27. Re1 Bf4+ 28. Kc3 Bg2 29. g6+ Kg7 30. h5 Bd6 0-1

[Event "Labour Day op"]
[Site "Victoria CAN"]
[Date "2004.09.05"]
[Round "3.11"]
[White "Hunt, Lorne"]
[Black "Sexsmith, Kyle"]
[Result "1-0"]
[WhiteElo "2023"]
[BlackElo "1555"]
[PlyCount "53"]
[GameId "2160767911069550"]
[EventDate "2004.09.04"]
[EventType "swiss"]
[EventRounds "6"]
[EventCountry "CAN"]

1. b4 e5 2. Bb2 d6 3. c4 a6 4. e3 g6 5. d4 Nc6 6. dxe5 Bg7 7. a3 Bxe5 8. Bxe5 Nxe5 9. Nf3 Bg4 10. h3 Bxf3 11. gxf3 Qf6 12. Nd2 Ne7 13. f4 Nd7 14. Bg2 c6 15. Ne4 Qe6 16. Nxd6+ Kf8 17. Nxb7 Nf6 18. Na5 Kg7 19. O-O Rhd8 20. Qe2 Rac8 21. Rfd1 Rxd1+ 22. Rxd1 c5 23. e4 cxb4 24. axb4 Qb6 25. Qb2 Kg8 26. c5 Qe6 27. Rd6 1-0